Educación para la democracia
Guardat en:
| Autor principal: | |
|---|---|
| Format: | Llibre |
| Idioma: | espanyol |
| Publicat: |
Buenos Aires
Omeba
1968
|
| Col·lecció: | América en Letras
|
| Matèries: | |
| Etiquetes: |
Afegir etiqueta
Sense etiquetes, Sigues el primer a etiquetar aquest registre!
|
MARC
| LEADER | 00000nam a2200000 a 4500 | ||
|---|---|---|---|
| 001 | UCU0586 | ||
| 003 | CL-VaPUC | ||
| 008 | 960322e19680000AG |||||||||||||||||spa|d | ||
| 082 | 0 | 4 | |a 370.115 |b POW |2 21 |
| 100 | 0 | |a Power, Edward J |e author |9 355896 | |
| 245 | 1 | 0 | |a Educación para la democracia |
| 300 | |a 2 v | ||
| 942 | |c BK | ||
| 945 | |d 19960322 00:00:00 |a lriquelm | ||
| 260 | |a Buenos Aires |b Omeba |c 1968 | ||
| 650 | 0 | |a Educación |9 258661 | |
| 650 | 0 | |a Sociología de la educación |9 260380 | |
| 650 | 0 | |a Educación moral |9 308319 | |
| 650 | 0 | |a Estado y educación |9 311264 | |
| 650 | 0 | |a Política educacional |9 308011 | |
| 650 | 7 | |a FINES EDUCACIONALES |2 CL-VaPUC |9 341857 | |
| 650 | 0 | |a Rol del docente |9 329733 | |
| 650 | 0 | |a Educación preescolar |9 260381 | |
| 650 | 0 | |a Educación básica |9 224933 | |
| 650 | 0 | |a Aprendizaje |9 254827 | |
| 650 | 0 | |a Enseñanza |9 256457 | |
| 583 | |a last modification |c 19960322 00:00:00 |k Rodrigo Vera | ||
| 490 | 0 | |a América en Letras | |
| 999 | |c 245426 |d 245424 | ||
| 952 | |0 0 |1 0 |4 0 |6 370_115000000000000_POW_1968 |7 0 |8 P |9 259927 |a BIBEDU |b BIBEDU |c BIBEDU_PB |d 2019-11-19 |h v.1 |i 1637487 |o 370.115 POW 1968 |p 1637487 |r 2024-01-25 |w 2019-11-19 |y BK |k EDU | ||
| 952 | |0 0 |1 0 |4 0 |6 370_115000000000000_POW_1968 |7 0 |8 P |9 259928 |a BIBEDU |b BIBEDU |c BIBEDU_PB |d 2019-11-19 |h v2 |i 1638653 |o 370.115 POW 1968 |p 1638653 |r 2024-01-25 |w 2019-11-19 |y BK |k EDU | ||